Detalles MARC
| 000 -LIDER |
| fixed length control field |
00947nam a22003131i 4500 |
| 001 - NÚMERO DE CONTROL |
| Identificador de número de control |
022527 |
| 003 - IDENTIFICACDOR DE NÚMERO DE CONTROL |
| control field |
DO-SdBPM |
| 005 - DATE AND TIME OF LATEST TRANSACTION |
| control field |
20250108081855.0 |
| 007 - CAMPOS FIJOS DE DESCRIPCIÓN FÍSICA |
| fixed length control field |
022527 |
| 008 - ELEMENTOS DE LONGITUD FIJA |
| fixed length control field |
920725s1977 sp spa |
| 017 ## - NÚMERO DE REGISTRO DE DERECHOS DE AUTOR |
| Copyright or legal deposit number |
|
| Assigning agency |
|
| 020 ## - ISBN |
| International Standard Book Number |
8433912062 |
| Terms of availability |
|
| 035 ## - NÚMERO LOCAL |
| System control number |
|
| 040 ## - FUENTE DE CATALOGACIÓN |
| Agencia que crea de manera original el registro |
DO-SdBPM |
| Idioma de catalogación |
spa |
| Agencia que realiza la transcripción |
BPMSU |
| 080 ## - NÚMERO DE CLASIFICACIÓN DECIMAL UNIVERSAL |
| Universal Decimal Classification number |
|
| 082 #4 - NÚMERO DE CLASIFICACIÓN DECIMAL DE DEWEY |
| Classification number |
633.79 |
| Item number |
L697L 1977 |
| Edition number |
22 |
| 240 ## - TITULO UNIFORME |
| Título uniforme |
The book of grass |
| Idioma de una obra |
Español |
| 245 03 - MENCIÓN DE TITULO |
| Título |
El libro de la yerba / |
| Mención de responsabilidad |
Editores George Andrews, Simon Vinkenoog.; traducción del inglés, Carlos Trías |
| Medio (Designación general de material) |
|
| 260 ## - PUBLICACIÓN, DISTRIBUCIÓN, ETC. (PIE DE IMPRENTA) |
| Lugar de publicación, distribución, etc |
Barcelona : |
| Nombre del editor, distribuidor, etc. |
Editorial Anagrama, |
| Fecha de publicación, distribución, etc |
1977 |
| 300 ## - DESCRIPCIÓN FÍSICA |
| Extensión |
314 p. ; |
| Dimensiones |
22 cm |
| 490 0# - MENCIÓN DE SERIES |
| Mención de serie |
Contraseñas, |
| Volume/sequential designation |
6 |
| 590 ## - NOTA LOCAL |
| Texto de la nota local |
Inventariado, 2025/VM |
| 650 #4 - ENCABEZAMIENTO DE MATERIA--TEMÁTICO |
| Término temático o nombre geográfico como elemento de entrada |
Marihuana |
| Subdivisión de forma |
Ensayos, conferencias, etc. |
| Fuente del encabezamiento o término |
|
| 700 1# - ASIENTO SECUNDARIO -- NOMBRE PERSONAL |
| Nombre personal |
Andrews, George |
| Mención de responsabilidad |
editor |
| 700 1# - ASIENTO SECUNDARIO -- NOMBRE PERSONAL |
| Nombre personal |
Vinkenoog, Simón |
| Mención de responsabilidad |
editor |
| 700 1# - ASIENTO SECUNDARIO -- NOMBRE PERSONAL |
| Nombre personal |
Trías, Carlos |
| Fechas asociadas con el nombre |
1946-2007 |
| 910 ## - VALIDACIÓN |
| Validación |
VMateo V. Control de calidad. BPMSU |
| 942 ## - ADDED ENTRY ELEMENTS (KOHA) |
| Source of classification or shelving scheme |
Dewey Decimal Classification |
| Koha item type |
Libros |